Small-scale household cashew -nut production in santuk district, kampong thom province ផលិតកម្មដំណាំស្វាយចន្នីជាលក្ខណ:គ្រួសារក្នុងស្រុកសន្ទុកខេត្តកំពង់ធំ (Record no. 1048)
[ view plain ]
| 000 -LEADER | |
|---|---|
| fixed length control field | 00648nam a22001577a 4500 |
| 003 - CONTROL NUMBER IDENTIFIER | |
| control field | OSt |
| 005 - DATE AND TIME OF LATEST TRANSACTION | |
| control field | 20150922105711.0 |
| 008 - FIXED-LENGTH DATA ELEMENTS--GENERAL INFORMATION | |
| fixed length control field | 150922b xxu||||| |||| 00| 0 eng d |
| 040 ## - CATALOGING SOURCE | |
| Transcribing agency | RUA |
| 082 ## - DEWEY DECIMAL CLASSIFICATION NUMBER | |
| Classification number | AGR UY 2007 B035 Or.1 |
| 100 ## - MAIN ENTRY--PERSONAL NAME | |
| 9 (RLIN) | 1093 |
| Personal name | UY, SOTHEAVY. |
| 245 ## - TITLE STATEMENT | |
| Title | Small-scale household cashew -nut production in santuk district, kampong thom province ផលិតកម្មដំណាំស្វាយចន្នីជាលក្ខណ:គ្រួសារក្នុងស្រុកសន្ទុកខេត្តកំពង់ធំ |
| 260 ## - PUBLICATION, DISTRIBUTION, ETC. (IMPRINT) | |
| Place of publication, distribution, etc. | Phnom Penh |
| Name of publisher, distributor, etc. | RUA |
| Date of publication, distribution, etc. | 2007 |
| 300 ## - PHYSICAL DESCRIPTION | |
| Extent | xii, 50p. |
| Other physical details | ill. |
| Dimensions | 29cm. |
| 942 ## - ADDED ENTRY ELEMENTS (KOHA) | |
| Source of classification or shelving scheme | |
| Koha item type | AGR |
| Price effective from | Date last seen | Permanent Location | Not for loan | Date acquired | Source of classification or shelving scheme | Koha item type | Lost status | Withdrawn status | Date last checked out | Total Checkouts | Shelving location | Damaged status | Barcode | Current Location | Full call number |
|---|---|---|---|---|---|---|---|---|---|---|---|---|---|---|---|
| 2015-09-22 | 2015-09-22 | Library Block B | 2015-09-22 | AGR | B035 | RUA002797 | Library Block B | AGR UY 2007 B035 Or.1 | |||||||
| 2015-09-22 | 2015-09-22 | Library Block B | 2015-09-22 | AGR | B035 | RUA002515 | Library Block B | AGR UY 2007 B035 Or.2 | |||||||
| 2015-09-22 | 2015-09-22 | Library Block B | 2015-09-22 | AGR | B035 | RUA002128 | Library Block B | AGR UY 2007 B035 Or.3 | |||||||
| 2015-09-22 | 2015-09-22 | Library Block B | 2015-09-22 | AGR | B035 | RUA002056 | Library Block B | AGR UY 2007 B035 Or.4 | |||||||
| 2018-12-21 | 2024-12-11 | Library Block B | 2018-12-21 | AGR | 2024-12-09 | 1 | B1.194 | A41519 | Library Block B | AGR UY 2007 B1.194 Or.1 | |||||
| 2018-12-24 | 2018-12-24 | Library Block B | 2018-12-24 | AGR | B1.194 | A41977 | Library Block B | AGR UY 2007 B1.194 Or.1 | |||||||
| 2018-12-24 | 2018-12-24 | Library Block B | 2018-12-24 | AGR | B1.194 | A41927 | Library Block B | AGR UY 2007 B1.194 Or.2 | |||||||
| 2019-01-21 | 2019-01-21 | Library Block B | 2019-01-21 | AGR | B1.210 | A41476 | Library Block B | AGR UY 2007 B1.210 Or.4 |